| 000 | 00564nam a2200157 u 4500 | ||
|---|---|---|---|
| 001 | 000002455 | ||
| 005 | 20200929150209.0 | ||
| 008 | 090702s2008 dr a r 000 0 spa d | ||
| 040 |
_aDO-SdBNP _bspa _cBNPHU |
||
| 082 |
_a282.025 _bC357r |
||
| 245 | 0 | 0 | _aCatálogo de la región independiente de Cuba y de la provincia antillense de la compañía de Jesús. |
| 246 | 0 | _aCatálogo de la providencia Antillense de la compañía de Jesús | |
| 260 |
_aSanto Domingo : _bBúho, _c2008. |
||
| 300 |
_a79 p. : _bil. ; _c22 cm. |
||
| 650 | 4 |
_aIglesia católica _xDirectorio _97751 |
|
| 999 |
_c2291 _d2291 |
||